000 01071cam a22002777a 4500
003 CHAP
005 20220329141733.0
008 971013s1994 r 10010 d
010 _a73083
011 _a74055
035 _a83613
040 _cCHAP
082 _a631.4063
_bC65t 1994
111 0 0 _aCongreso Internacional de la Ciencia del Suelo
_n(15
_d: 1994
_c: Acapulco, Gro.)
_926764
245 0 _aGuide for Acapulco technical tours "A" and "B". Tour "A"
_b: Costa Chica tour "B" : Costa Grande
260 _aAguascalientes, Ags. :
_bInstituto Nacional de Estadística, Geografía e Informática,
_c1994
300 _a96 p.
590 _aBATCH-UPD
_b10
_c20130110
_lUCH01
_h0754
590 _aCONVERSION
_b10
_c20130109
_lUCH01
_h1340
650 1 4 _aSuelos
_xCongresos.
_9110281
901 _aBK
942 _cLIBRO
949 _a631.4063 C65t 1994
_bBC
_cCONG
_d-38271
_eCONG
_fc.3
_h86902
_i83613
_si
949 _a631.4063 C65t 1994
_bBC
_cLIBRO
_d33724000065595
_eLIBRO
_h86900
_i83613
_si
949 _a631.4063 C65t 1994
_bBC
_cLIBRO
_d33724000065603
_eLIBRO
_fc.2
_h86901
_i83613
_si
999 _c73083
_d73083